| 000 | 01049cam a22002771i 4500 | ||
|---|---|---|---|
| 003 | SA-RiAUC | ||
| 005 | 20241113143309.0 | ||
| 008 | 241112s2003 su f b 000 0 ara c | ||
| 040 |
_aJO-IrYU _bara _cSA-RiAUC _erda |
||
| 082 | 0 | 4 |
_a251 _qSA-RiAUC |
| 090 |
_a251 _bف ل و |
||
| 100 | 1 |
_aفلوسي، مسعود، _d1968- _eمؤلف. |
|
| 245 | 1 | 2 |
_aالجدل عند الأصوليين بين النظرية والتطبيق / _cتأليف مسعود بن موسى فلوسي. |
| 250 | _aالطبعة الأولى. | ||
| 264 | 1 |
_aالرياض : _bمكتبة الرشد، _c2003 |
|
| 300 |
_a576 صفحة ؛ _c24 سم. |
||
| 336 |
_aنص _btxt _2rdacontent _3كتاب |
||
| 337 |
_aبدون وسيط _bn _2rdamedia |
||
| 338 |
_aمجلد _bnc _2rdacarrier |
||
| 490 | 0 |
_aسلسلة الرشد للرسائل الجامعية ؛ _v109 |
|
| 504 | _aببليوجرافية : صفحة 553-569. | ||
| 650 | 7 |
_aأصول الفقه الإسلامي _2aucsh |
|
| 899 | _aكتب | ||
| 942 |
_2ddc _cBOOK _n0 |
||
| 949 |
_aSA-JeALM _d241112 _umohamedma123 _n1 |
||
| 999 |
_c2353 _d2353 |
||